| 000 | 01242cam a2200337 a 4500 | ||
|---|---|---|---|
| 001 | 3970025 | ||
| 003 | ARRUPE | ||
| 005 | 20211008094428.0 | ||
| 008 | 940725s1994 enkb b 001 0 eng c | ||
| 010 | _a 94187280 | ||
| 020 | _a0333481046 | ||
| 040 |
_aCtY _cCtY _dDLC |
||
| 042 | _alcnccp | ||
| 043 | _ae------ | ||
| 050 | 0 | 0 |
_aD397 _b.P67 1994 |
| 082 | 0 | 0 |
_a325/.32/09409034 _220 |
| 100 | 1 |
_aPorter, A. N. _q(Andrew N.) _950359 |
|
| 245 | 1 | 0 |
_aEuropean imperialism, 1860-1914 / _cAndrew Porter. |
| 260 |
_aHoundmills, Basingstoke, Hampshire : _bMacmillan, _cc1994. |
||
| 300 |
_axiii, 119 p. : _bmaps ; _c22 cm. |
||
| 490 | 1 | _aStudies in European history | |
| 504 | _aIncludes bibliographical references and index. | ||
| 650 | 0 |
_aImperialism. _92 |
|
| 651 | 0 |
_aEurope _xForeign relations _y1871-1914. _950360 |
|
| 830 | 0 |
_aStudies in European history (Basingstoke, England) _9896 |
|
| 856 | 4 | 2 |
_3Contributor biographical information _uhttp://www.loc.gov/catdir/enhancements/fy0809/94187280-b.html |
| 856 | 4 | 2 |
_3Publisher description _uhttp://www.loc.gov/catdir/enhancements/fy0809/94187280-d.html |
| 906 |
_a7 _bcbc _cnccpada _d2 _encip _f19 _gy-gencatlg |
||
| 942 |
_2lcc _cMONOGRAPH |
||
| 999 |
_c130725 _d130725 |
||